| 000 | 00900nam a22002055i 4500 | ||
|---|---|---|---|
| 001 | 169311 | ||
| 003 | ES-MaACL | ||
| 005 | 20250823100854.0 | ||
| 008 | 080829s2005 sp |||| | spa d | ||
| 080 | _a781.68 | ||
| 100 | 1 |
_aCentenero Gallego, Miguel Angel. _9138404 |
|
| 245 | 1 | 0 |
_aConsideraciones sobre la música y su interpretación / _cdiscurso de Miguel Angel Centenero Gallego leído en el acto de su recepción pública el día 24 de octubre de 2005 y contestación de Alvaro Zaldívar Gracia. |
| 260 |
_aMurcia : _bReal Academia de Bellas Artes Santa María de la Arrixaca, _c2005. |
||
| 300 |
_a42 cm. ; _c24 cm. |
||
| 650 | 1 | 4 |
_aMúsica- _xInterpretación _915392 |
| 700 | 1 |
_aZaldívar Gracia, Álvaro _9138405 |
|
| 710 | 2 |
_aReal Academia de Bellas Artes de Santa María de la Arrixaca. _9138406 |
|
| 852 |
_aES-MaACL _j2233-F-16 _9R.137703 |
||
| 999 |
_c169311 _d169311 |
||